| 000 | 01038nam a2200241Ia 4500 | ||
|---|---|---|---|
| 003 | GCL | ||
| 008 | 140319s9999 xx 000 0 ara d | ||
| 040 |
_aGCL / _cGCL |
||
| 082 | 0 | 4 |
_a958.7 _bا م |
| 100 | 1 | _aاحسان ذنون الثامرى | |
| 245 | 1 | 0 |
_aمدينة بخارى منذ الفتح الاسلامى الى نهاية القرن الرابع الهجرى ( 94 - 389 هـ \ 712 - 999 م ) / _cاحسان ذنون الثامرى |
| 260 |
_aالاردن : _bمؤسسة حمادة للدراسات الجامعية والنشر والتوزيع ، _c2005 |
||
| 300 |
_a320 ص ؛ _c24 سم |
||
| 650 | 0 | 4 | _aالتاريخ الاسلامى |
| 650 | 0 | 4 | _aالحضارة الاسلامية |
| 650 | 0 | 4 | _aبخارى |
| 650 | 0 | 4 | _aبخارى - التاريخ |
| 650 | 0 | 4 | _aبخارى - الاحوال الاجتماعية |
| 650 | 0 | 4 | _aبخارى - الاحوال الاقتصادية |
| 650 | 0 | 4 | _aبخارى - الاحوال الثقافية |
| 650 | 0 | 4 | _aبخارى - الاحوال الدينية |
| 942 |
_2ddc _cBK |
||
| 999 |
_c8422 _d8422 |
||